Statistics for Kingdom Hearts: Sora's Keyblades

Click here to take the quiz!

General Stats

  • This quiz has been taken 9 times
  • The average score is 13 of 18

Answer Stats

HintAnswer% Correct
Destiny IslandKingdom Key
100%
Hollow Bastion (Rescue Kairi)Oathkeeper
100%
Hollow Bastion (Lock it's keyhole and go where you last fought Riku)Oblivion
100%
AgrabahThree Wishes
100%
Synthesis Workshop in Traverse TownUltima Weapon
100%
Gold Match in Olympus ColiseumDiamond Dust
83%
Hollow Bastion Library (Speak with Belle)Divine Rose
83%
Platinum MatchOne-Winged Angel
83%
AtlanticaCrabclaw
67%
NeverlandFairy Harp
67%
Wonderland (Activate the White Trinity Mark)Lady Luck
67%
Hades Cup (Defeat Leon and Cloud)Lionheart
67%
Hercules Cup (Defeat Cloud)Metal Chocobo
67%
Deep JungleJungle King
50%
Complete Phil Cup, Pegasus Cup, and Hades CupOlympia
50%
Halloween TownPumpkinhead
50%
Merlin (After learning first level magic spells)Spellbinder
50%
MonstroWishing Star
50%

Score Distribution

Percentile by Number Answered

Percent of People with Each Score

Your Score History

You have not taken this quiz